[Event "Sabadell Coral Colon op 13th"]
[Site "Sabadell"]
[Date "2019.04.12"]
[Round "8"]
[White "Oliveras Cruz, Marc"]
[Black "Castaneda Munoz, Antonio"]
[Result "1-0"]
[WhiteElo "1836"]
[BlackElo "1615"]
[PlyCount "87"]
[EventDate "2019.02.22"]
[EventType "swiss"]
[EventRounds "8"]
[EventCountry "ESP"]
[SourceTitle "EXT 2021"]
[Source "ChessBase"]
[SourceDate "2020.10.23"]
[SourceVersion "1"]
[SourceVersionDate "2020.10.23"]
[SourceQuality "1"]

1. e4 e5 2. Nf3 Nf6 3. Nxe5 d6 4. Nf3 Nxe4 5. c4 g6 6. Nc3 Qe7 7. Be2 Bg7 8. Nd5 Qd7 9. 0-0 c6 10. Ne3 0-0 11. d3 Nf6 12. b4 Ne4 13. d4 a5 14. Qc2 Nf6 15. Bd2 axb4 16. Bxb4 Re8 17. Bc3 Ne4 18. Bb2 Na6 19. a3 d5 20. cxd5 cxd5 21. Qb3 Nc7 22. Rfd1 Qa4 23. Qxa4 Rxa4 24. Nxd5 Nd6 25. Nc3 Ra5 26. h3 Be6 27. Bc1 Bb3 28. Re1 Nd5 29. Nxd5 Rxd5 30. Bf4 Bxd4 31. Nxd4 Rxd4 32. Be3 Rd5 33. Reb1 Bc2 34. Bf3 Be4 35. Bxe4 Rxe4 36. Rd1 Rxd1+ 37. Rxd1 Nf5 38. Rd8+ Kg7 39. Bc5 h5 40. Bf8+ Kh7 41. Rb8 Re1+ 42. Kh2 Rb1 43. Bb4 Rb2 44. Bc3 1-0

[Event "Sabadell Coral Colon op 13th"]
[Site "Sabadell"]
[Date "2019.03.29"]
[Round "6"]
[White "Oliveras Cruz, Marc"]
[Black "Farell Duran, Josep"]
[Result "1-0"]
[WhiteElo "1836"]
[BlackElo "1406"]
[PlyCount "67"]
[EventDate "2019.02.22"]
[EventType "swiss"]
[EventRounds "8"]
[EventCountry "ESP"]
[SourceTitle "CBM 190 Extra"]
[Source "ChessBase"]
[SourceDate "2019.07.15"]
[SourceVersion "1"]
[SourceVersionDate "2019.07.15"]
[SourceQuality "1"]

1. e4 Nf6 2. e5 Nd5 3. c4 Nb6 4. c5 Nd5 5. Bc4 e6 6. d4 Nc6 7. Bxd5 exd5 8. Nc3 d6 9. cxd6 cxd6 10. Nf3 dxe5 11. Nxe5 Bb4 12. 0-0 0-0 13. Nxc6 bxc6 14. Bf4 Re8 15. Qd3 Bd6 16. Bxd6 Qxd6 17. Na4 Qf6 18. Nc5 Bf5 19. Qd2 Re7 20. Rfe1 Rae8 21. Rxe7 Qxe7 22. Kf1 Qd6 23. Re1 Kf8 24. Rxe8+ Kxe8 25. Qe3+ Qe7 26. Qg3 g6 27. Qb8+ Qd8 28. Qxa7 Bc8 29. Qa3 Qh4 30. Qe3+ Kf8 31. Kg1 Qh5 32. h3 Qd1+ 33. Kh2 Qh5 34. f4 1-0

[Event "Sabadell Coral Colon op 13th"]
[Site "Sabadell"]
[Date "2019.03.22"]
[Round "5"]
[White "Gonzalez Danilow, Aleynovitch"]
[Black "Oliveras Cruz, Marc"]
[Result "1-0"]
[WhiteElo "2000"]
[BlackElo "1836"]
[PlyCount "83"]
[EventDate "2019.02.22"]
[EventType "swiss"]
[EventRounds "8"]
[EventCountry "ESP"]
[SourceTitle "CBM 190 Extra"]
[Source "ChessBase"]
[SourceDate "2019.07.15"]
[SourceVersion "1"]
[SourceVersionDate "2019.07.15"]
[SourceQuality "1"]

1. d4 c5 2. d5 d6 3. c4 g6 4. Nc3 Bg7 5. Nf3 Nf6 6. e4 Bg4 7. Be2 Bxf3 8. Bxf3 Nbd7 9. 0-0 a6 10. h4 h5 11. Bf4 Qc7 12. Re1 0-0 13. Qd2 Ne5 14. Be2 Kh7 15. f3 Rh8 16. Nd1 Rhb8 17. a4 Nfd7 18. g4 hxg4 19. fxg4 Nf6 20. Nf2 Qd7 21. Bxe5 dxe5 22. Ra3 Ne8 23. Rh3 Nd6 24. h5 g5 25. Qxg5 Bh6 26. Qxe5 Rg8 27. Qh2 Qxa4 28. b3 Qb4 29. Rd1 f6 30. e5 Nf7 31. exf6 exf6 32. Ne4 Qb6 33. Rf1 Bg5 34. Qf2 Rae8 35. Bd3 Kh8 36. Kh1 Ne5 37. Nxg5 Rxg5 38. Qd2 Nxg4 39. Bf5 Reg8 40. Bxg4 f5 41. Qb2+ R8g7 42. h6 1-0

[Event "Sabadell Coral Colon op 12th"]
[Site "Sabadell"]
[Date "2018.03.09"]
[Round "5"]
[White "Fernandez Aguilar, Francisco"]
[Black "Oliveras Cruz, Marc"]
[Result "1/2-1/2"]
[WhiteElo "2063"]
[BlackElo "1801"]
[PlyCount "115"]
[EventDate "2018.02.09"]
[EventType "swiss"]
[EventRounds "9"]
[EventCountry "ESP"]
[SourceTitle "EXT 2019"]
[Source "ChessBase"]
[SourceDate "2018.10.10"]
[SourceVersion "1"]
[SourceVersionDate "2018.10.10"]
[SourceQuality "1"]

1. Nf3 Nf6 2. g3 g6 3. Bg2 Bg7 4. 0-0 0-0 5. d4 c5 6. dxc5 Na6 7. Be3 Qc7 8. Nc3 Nxc5 9. Nb5 Qa5 10. Bxc5 Qxb5 11. Bxe7 Re8 12. Ba3 Qxe2 13. Re1 Qxd1 14. Raxd1 Rxe1+ 15. Rxe1 d5 16. Nd4 Bd7 17. c3 Re8 18. Rxe8+ Bxe8 19. Be7 Ne4 20. Nc2 f5 21. Bxe4 dxe4 22. Bc5 a6 23. Bd4 Bf8 24. c4 Bc6 25. Kf1 Kf7 26. Ke2 Ke6 27. Be3 Bg7 28. Bd4 Bf8 29. Be3 Bg7 30. b3 Bf6 31. Nb4 Bc3 32. Nxc6 bxc6 33. Bh6 Bb4 34. f3 exf3+ 35. Kxf3 Kf6 36. Bc1 Bc3 37. h4 Ke5 38. Ke3 Be1 39. Bb2+ Ke6 40. Kf3 Bd2 41. Ke2 Bh6 42. b4 Bf8 43. Bc3 h6 44. a4 Kd7 45. Kf3 g5 46. h5 Kc7 47. g4 f4 48. Ke4 Kd7 49. Kf5 f3 50. Bd4 Bxb4 51. Kg6 Bf8 52. Kf7 Be7 53. Kg7 c5 54. Bf2 Ke6 55. Kxh6 Kf7 56. Kh7 a5 57. Be3 Bd6 58. Bf2 1/2-1/2

[Event "Sabadell Coral Colon op 12th"]
[Site "Sabadell"]
[Date "2018.03.02"]
[Round "4"]
[White "Oliveras Cruz, Marc"]
[Black "Cano Sevila, Ivan"]
[Result "1/2-1/2"]
[WhiteElo "1801"]
[BlackElo "1977"]
[PlyCount "52"]
[EventDate "2018.02.09"]
[EventType "swiss"]
[EventRounds "9"]
[EventCountry "ESP"]
[SourceTitle "EXT 2019"]
[Source "ChessBase"]
[SourceDate "2018.10.10"]
[SourceVersion "1"]
[SourceVersionDate "2018.10.10"]
[SourceQuality "1"]

1. Nf3 d5 2. g3 e6 3. Bg2 f5 4. c4 c6 5. cxd5 exd5 6. d4 Nf6 7. 0-0 Bd6 8. Bg5 0-0 9. Qc1 Qe8 10. Re1 Ne4 11. Bf4 Bxf4 12. Qxf4 Nd7 13. Nc3 Qh5 14. h4 h6 15. Ne5 g5 16. Qf3 Qe8 17. hxg5 hxg5 18. Nxe4 fxe4 19. Qc3 Nf6 20. f3 Qh5 21. g4 Qh6 22. Qe3 Be6 23. Rac1 Rad8 24. Rf1 Kg7 25. Rf2 Nd7 26. fxe4 Rxf2 1/2-1/2

[Event "Martorell op 34th"]
[Site "Martorell"]
[Date "2016.09.17"]
[Round "1"]
[White "Jove Grau, Lluis"]
[Black "Oliveras Cruz, Marc"]
[Result "1-0"]
[WhiteElo "2063"]
[BlackElo "1882"]
[PlyCount "49"]
[EventDate "2016.09.17"]
[EventType "swiss"]
[EventRounds "9"]
[EventCountry "ESP"]
[SourceTitle "EXT 2018"]
[Source "ChessBase"]
[SourceDate "2017.10.13"]
[SourceVersion "1"]
[SourceVersionDate "2017.10.13"]
[SourceQuality "1"]

1. Nf3 Nf6 2. c4 c5 3. e3 Nc6 4. d4 cxd4 5. exd4 Qc7 6. Nc3 a6 7. Bg5 e6 8. Bd3 Be7 9. 0-0 0-0 10. Qe2 d5 11. Bxf6 Bxf6 12. cxd5 Nb4 13. Rac1 Nxd3 14. Qxd3 Qa5 15. Ne4 Qxd5 16. Nxf6+ gxf6 17. Rc5 Qd8 18. Rh5 f5 19. Ne5 Qf6 20. f4 h6 21. Rf3 Kh7 22. Ng4 Qg6 23. Rxh6+ Qxh6 24. Nxh6 Kxh6 25. Rh3+ 1-0

[Event "Sabadell Coral Colon op 9th"]
[Site "Sabadell"]
[Date "2015.03.27"]
[Round "8"]
[White "Oliveras Cruz, Marc"]
[Black "Urrutia Mule, Oriol"]
[Result "0-1"]
[WhiteElo "1881"]
[BlackElo "2080"]
[PlyCount "46"]
[EventDate "2015.02.06"]
[EventType "swiss"]
[EventRounds "9"]
[EventCountry "ESP"]
[SourceTitle "EXT 2016"]
[Source "ChessBase"]
[SourceDate "2015.10.08"]
[SourceVersion "1"]
[SourceVersionDate "2015.10.08"]
[SourceQuality "1"]

1. c4 Nf6 2. Nf3 g6 3. b3 Bg7 4. Bb2 d6 5. g3 0-0 6. Bg2 e5 7. d3 Nc6 8. Nbd2 Nh5 9. a3 e4 10. Bxg7 exf3 11. Bxf8 fxg2 12. Rg1 Kxf8 13. Rxg2 Qf6 14. Qc1 Nd4 15. f4 Nc2+ 16. Qxc2 Qxa1+ 17. Kf2 Nf6 18. e3 Bh3 19. Nb1 Ng4+ 20. Kf3 Bxg2+ 21. Qxg2 Qxb1 22. Kxg4 Qd1+ 23. Kg5 Qh5+ 0-1

[Event "Sabadell Coral Colon op 9th"]
[Site "Sabadell"]
[Date "2015.03.20"]
[Round "7"]
[White "Parra Bola, Jose Maria"]
[Black "Oliveras Cruz, Marc"]
[Result "1/2-1/2"]
[WhiteElo "2041"]
[BlackElo "1881"]
[PlyCount "76"]
[EventDate "2015.02.06"]
[EventType "swiss"]
[EventRounds "9"]
[EventCountry "ESP"]
[SourceTitle "EXT 2016"]
[Source "ChessBase"]
[SourceDate "2015.10.08"]
[SourceVersion "1"]
[SourceVersionDate "2015.10.08"]
[SourceQuality "1"]

1. d4 Nf6 2. Bg5 c5 3. d5 Ne4 4. h4 Qb6 5. Qc1 d6 6. f3 Ng3 7. Rh2 g6 8. e4 Bg7 9. Nc3 Nxf1 10. Kxf1 h5 11. Nge2 Nd7 12. Rb1 Qa6 13. Bd2 Ne5 14. b3 b5 15. a4 b4 16. Nd1 Qb6 17. Ne3 a5 18. f4 Ng4 19. Nxg4 Bxg4 20. c4 f5 21. Ng3 fxe4 22. Nxe4 0-0 23. Ng3 Rae8 24. Qc2 Kh7 25. Re1 Qc7 26. Ne4 Bh6 27. g3 Bf5 28. Rhe2 e5 29. dxe6 Rxe6 30. Qb2 Bxe4 31. Rxe4 Rxe4 32. Rxe4 Bg7 33. Qc1 Qd7 34. Qe1 Qh3+ 35. Kg1 Rf7 36. Be3 Qf5 37. Bf2 d5 38. cxd5 Qxd5 1/2-1/2